|
|
|
|
| LEADER |
00000nab a2200000 ar4500 |
| 001 |
vtls008703524 |
| 003 |
SK-MaSNL |
| 005 |
20260304144230.0 |
| 008 |
250505c2006 xo |||||||||||000 b|slo |
| 015 |
|
|
|a SNBRB2006/05
|2 snkbucl
|
| 035 |
|
|
|a (uuid)b177af36-69a3-4326-9cb9-49513934be7f
|
| 035 |
|
|
|a urn:nbn:sk:snk-ab24fa
|
| 035 |
|
|
|a (urnnbn)urn:nbn:sk:snk:ar-a01lck
|
| 038 |
|
|
|a SNKBUCL
|
| 040 |
|
|
|a SNKBUCL
|b slo
|c SNKBUCL
|e AACR2
|
| 041 |
0 |
|
|a slo
|
| 044 |
|
|
|a xo
|c SK
|
| 080 |
|
|
|a 672.71:061.43
|2 1997
|
| 080 |
|
|
|a 623.444.6:061.43
|2 1997
|
| 100 |
1 |
|
|a Drábek, Alojz
|4 aut
|9 26329
|
| 245 |
1 |
0 |
|a Morava nůž 2005 - Hodonín
|c Alojz Drábek
|
| 300 |
|
|
|b Fotogr.
|
| 611 |
2 |
7 |
|a Morava nůž
|n (4. :
|d 2005 :
|c Hodonín, Česko)
|2 snkbucl
|9 1465688
|
| 650 |
0 |
7 |
|a nože
|2 snkbucl
|9 26364
|
| 773 |
0 |
|
|t Zbrane, strelci a lovci
|g Roč. VII, č. 1 (2006), s. 42-45
|x 1335-5740
|
| 850 |
|
|
|a Slovenská národná knižnica
|
| 852 |
|
|
|a Slovenská národná knižnica
|
| 954 |
|
|
|a odborná, vedecká literatúra pôvodná (slovenská)
|2 lita
|
| 958 |
|
|
|a article27
|
| 958 |
|
|
|a OND
|
| 958 |
|
|
|a EUIPO
|
| 999 |
|
|
|c 2930089
|d 2932019
|